[Event "Bayern-chI Bank Hofmann 1st"]
[Site "Bad Wiessee"]
[Date "1997.11.22"]
[Round "8"]
[White "Roemhild, Marcus"]
[Black "Stoll, Ferdinand"]
[Result "0-1"]
[WhiteElo "2195"]
[BlackElo "2255"]
[PlyCount "92"]
[EventDate "1997.11.15"]
[EventType "swiss"]
[EventRounds "9"]
[EventCountry "GER"]
[SourceTitle "CBM 061 Extra"]
[Source "ChessBase"]
[SourceDate "1998.03.09"]
[SourceVersion "1"]
[SourceVersionDate "1998.03.09"]
[SourceQuality "1"]

1. e4 c5 2. Nf3 d6 3. d4 cxd4 4. Nxd4 Nf6 5. Nc3 g6 6. Be3 Bg7 7. f3 Nc6 8. Qd2 0-0 9. 0-0-0 d5 10. Kb1 Nxd4 11. e5 Nf5 12. exf6 Bxf6 13. Nxd5 Qxd5 14. Qxd5 Nxe3 15. Qd2 Nxd1 16. Qxd1 Be6 17. Bd3 Rfd8 18. Qe2 Rd6 19. g4 Rb6 20. b3 a5 21. a4 Rb4 22. h4 Rc8 23. g5 Bg7 24. Qd1 Rc3 25. Bb5 Bd4 26. Ka2 Bd5 27. Rf1 e6 28. f4 Be4 29. Bd3 Bd5 30. Bb5 Be4 31. Bd3 Bxd3 32. cxd3 b5 33. f5 bxa4 34. bxa4 gxf5 35. Rf4 Rc5 36. Rxd4 Rxd4 37. Qb3 Rb4 38. Qd1 f4 39. h5 Rxg5 40. h6 Rg2+ 41. Ka3 Rgb2 42. Qg1+ Kf8 43. Qc5+ Ke8 44. Qc6+ Ke7 45. Qc7+ Kf6 46. Qc3+ Kf5 0-1

[Event "Bad Woerishofen op 13th"]
[Site "Bad Woerishofen"]
[Date "1997.??.??"]
[Round "8"]
[White "Stoll, Ferdinand"]
[Black "Auer, Guenther"]
[Result "1-0"]
[WhiteElo "2205"]
[BlackElo "2045"]
[PlyCount "80"]
[EventDate "1997.03.07"]
[EventType "swiss"]
[EventRounds "9"]
[EventCountry "GER"]
[SourceTitle "EXT 2000"]
[Source "ChessBase"]
[SourceDate "1999.11.16"]
[SourceVersion "1"]
[SourceVersionDate "1999.11.16"]
[SourceQuality "1"]

1. c4 e5 2. g3 Nc6 3. Bg2 d6 4. Nc3 g6 5. d3 Bg7 6. e4 Nge7 7. Nge2 Bg4 8. h3 Be6 9. Nd5 f6 10. Be3 0-0 11. h4 Qd7 12. h5 Nd8 13. hxg6 hxg6 14. d4 c6 15. Nxe7+ Qxe7 16. Qd3 b6 17. d5 Bd7 18. dxc6 Bxc6 19. Rd1 Nb7 20. Nc3 Bd7 21. b3 Kf7 22. Nb5 Bxb5 23. Qd5+ Ke8 24. Qxb5+ Qd7 25. Qd5 Qf7 26. Rh7 Qxd5 27. cxd5 Rg8 28. Rc1 Nc5 29. Ke2 a5 30. a3 f5 31. exf5 gxf5 32. Bh3 Rh8 33. Rxg7 Kf8 34. Rg6 Rxh3 35. Rxd6 Nxb3 36. Rc7 b5 37. Rf6+ Kg8 38. Rg6+ Kh8 39. Bg5 Rf8 40. Bf6+ Rxf6 1-0

[Event "BL2-Sued 9798"]
[Site "Germany"]
[Date "1997.??.??"]
[Round "?.8"]
[White "Stoll, Ferdinand"]
[Black "Bayer, Bernhard"]
[Result "1/2-1/2"]
[WhiteElo "2255"]
[BlackElo "2275"]
[PlyCount "67"]
[EventDate "1997.10.??"]
[EventType "team-tourn"]
[EventRounds "9"]
[EventCountry "GER"]
[SourceTitle "EXT 1999"]
[Source "ChessBase"]
[SourceDate "1998.11.16"]
[SourceVersion "1"]
[SourceVersionDate "1998.11.16"]
[SourceQuality "1"]
[WhiteTeam "Sindelfingen"]
[BlackTeam "Muenchen 36"]
[WhiteTeamCountry "GER"]
[BlackTeamCountry "GER"]

1. c4 g6 2. g3 Bg7 3. Bg2 e5 4. Nc3 Ne7 5. e4 d6 6. Nge2 Nbc6 7. d3 Be6 8. Nd5 0-0 9. Be3 Nd4 10. Nxd4 exd4 11. Bg5 f6 12. Bd2 Nxd5 13. cxd5 Bd7 14. Qb3 Rf7 15. Qxb7 Rb8 16. Qxa7 Rxb2 17. Qa3 Qb8 18. Rd1 Rf8 19. Bc1 Rc2 20. 0-0 Qb7 21. Rd2 Rc3 22. Rb2 Qa8 23. Qb4 f5 24. Bd2 Rxd3 25. Qc4 Qa3 26. Rfb1 fxe4 27. Bxe4 Rdf3 28. Bb4 Rc3 29. Bxc3 dxc3 30. Rc2 Ba4 31. Rcc1 Be8 32. Rc2 Ba4 33. Rcc1 Be8 34. Rc2 1/2-1/2

[Event "BL2-Sued 9798"]
[Site "Germany"]
[Date "1997.??.??"]
[Round "?.8"]
[White "Stoll, Ferdinand"]
[Black "Bossert, Christian"]
[Result "1/2-1/2"]
[WhiteElo "2255"]
[BlackElo "2160"]
[PlyCount "75"]
[EventDate "1997.10.??"]
[EventType "team-tourn"]
[EventRounds "9"]
[EventCountry "GER"]
[SourceTitle "EXT 1999"]
[Source "ChessBase"]
[SourceDate "1998.11.16"]
[SourceVersion "1"]
[SourceVersionDate "1998.11.16"]
[SourceQuality "1"]
[WhiteTeam "Sindelfingen"]
[BlackTeam "Baiertal"]
[WhiteTeamCountry "GER"]
[BlackTeamCountry "GER"]

1. c4 f5 2. Nc3 Nf6 3. g3 g6 4. Bg2 Bg7 5. d3 0-0 6. e4 fxe4 7. dxe4 e5 8. Nge2 d6 9. 0-0 Be6 10. b3 Nc6 11. Nd5 Qd7 12. Bg5 Ne7 13. Qd2 Nexd5 14. cxd5 Bh3 15. f3 Ne8 16. Rac1 Bf6 17. Be3 Rf7 18. Qb4 Bxg2 19. Kxg2 c5 20. dxc6 bxc6 21. Qc4 Rc8 22. Rfd1 Qb7 23. Rc2 Kg7 24. Rdc1 Rfc7 25. Qa4 Kf7 26. Bd2 Qb5 27. Qxb5 cxb5 28. Rxc7+ Rxc7 29. Nc3 a6 30. Nd5 Rxc1 31. Bxc1 Bd8 32. Be3 Ke6 33. Kf2 Nf6 34. Nxf6 Bxf6 35. Ke2 d5 36. exd5+ Kxd5 37. Kd3 Be7 38. Bd2 1/2-1/2

[Event "BL2-Sued 9697"]
[Site "Germany"]
[Date "1997.??.??"]
[Round "?.6"]
[White "Stoll, Ferdinand"]
[Black "Gerigk, Erasmus"]
[Result "1/2-1/2"]
[WhiteElo "2250"]
[BlackElo "2265"]
[PlyCount "36"]
[EventDate "1996.10.??"]
[EventType "team-tourn"]
[EventRounds "9"]
[EventCountry "GER"]
[SourceTitle "GER-chT2"]
[Source "ChessBase"]
[SourceDate "1999.07.01"]
[SourceVersion "1"]
[SourceVersionDate "1999.07.01"]
[SourceQuality "1"]
[WhiteTeam "Sindelfingen"]
[BlackTeam "Heidelberg"]
[WhiteTeamCountry "GER"]
[BlackTeamCountry "GER"]

1. c4 e6 2. g3 Nf6 3. Bg2 d5 4. Nf3 Be7 5. d4 0-0 6. 0-0 dxc4 7. Qc2 a6 8. a4 Bd7 9. Qxc4 Bc6 10. Bf4 a5 11. Nc3 Na6 12. Rfd1 h6 13. Rac1 Bd6 14. Be5 Bxe5 15. Nxe5 Bxg2 16. Kxg2 Qe7 17. Nd3 Rfd8 18. e3 Nb4 1/2-1/2

[Event "BL2-Sued 9798"]
[Site "Germany"]
[Date "1997.??.??"]
[Round "?.8"]
[White "Syska, Albert"]
[Black "Stoll, Ferdinand"]
[Result "1/2-1/2"]
[WhiteElo "2285"]
[BlackElo "2255"]
[PlyCount "84"]
[EventDate "1997.10.??"]
[EventType "team-tourn"]
[EventRounds "9"]
[EventCountry "GER"]
[SourceTitle "EXT 1999"]
[Source "ChessBase"]
[SourceDate "1998.11.16"]
[SourceVersion "1"]
[SourceVersionDate "1998.11.16"]
[SourceQuality "1"]
[WhiteTeam "Heidelberg"]
[BlackTeam "Sindelfingen"]
[WhiteTeamCountry "GER"]
[BlackTeamCountry "GER"]

1. e4 c5 2. Nf3 d6 3. d4 cxd4 4. Nxd4 Nf6 5. Nc3 g6 6. Be3 Bg7 7. Bc4 0-0 8. f3 Nc6 9. Qd2 Bd7 10. 0-0-0 Ne5 11. Bb3 Rc8 12. Kb1 Nc4 13. Bxc4 Rxc4 14. h4 h5 15. Nce2 b5 16. Bh6 Qc8 17. c3 Qb7 18. Bxg7 Kxg7 19. Nc2 a5 20. Ne3 Rc5 21. Nf4 b4 22. cxb4 axb4 23. Nd3 Rb5 24. b3 Ra8 25. Nc2 Rba5 26. Qxb4 Qa7 27. Nc1 Rxa2 28. Qd4 Qxd4 29. Rxd4 R2a7 30. Rb4 Be6 31. Nd4 Nd7 32. Nxe6+ fxe6 33. Rd1 e5 34. Rd2 Ra1+ 35. Kb2 Nc5 36. Rb5 Kf6 37. b4 Rxc1 38. bxc5 Raa1 39. Rb6 Rab1+ 40. Ka2 Ra1+ 41. Kb2 Rab1+ 42. Ka2 Ra1+ 1/2-1/2

[Event "BL2-Sued 9596"]
[Site "Germany"]
[Date "1996.??.??"]
[Round "?.7"]
[White "Duschek, Volker"]
[Black "Stoll, Ferdinand"]
[Result "1/2-1/2"]
[WhiteElo "2145"]
[BlackElo "2240"]
[PlyCount "46"]
[EventDate "1995.10.??"]
[EventType "team-tourn"]
[EventRounds "9"]
[EventCountry "GER"]
[SourceTitle "GER-chT2"]
[Source "ChessBase"]
[SourceDate "1999.07.01"]
[SourceVersion "1"]
[SourceVersionDate "1999.07.01"]
[SourceQuality "1"]
[WhiteTeam "Karlsruhe"]
[BlackTeam "Sindelfingen"]
[WhiteTeamCountry "GER"]
[BlackTeamCountry "GER"]

1. e4 c5 2. Nf3 d6 3. d4 cxd4 4. Nxd4 Nf6 5. Nc3 g6 6. Be3 Bg7 7. f3 Nc6 8. Qd2 0-0 9. Bc4 Bd7 10. h4 Ne5 11. Bb3 h5 12. 0-0-0 Rc8 13. Bg5 Rc5 14. Kb1 b5 15. g4 hxg4 16. h5 Rxc3 17. bxc3 Nxf3 18. Nxf3 Nxe4 19. Qh2 Nxc3+ 20. Kc1 Qa5 21. hxg6 Nxa2+ 22. Bxa2 Qa3+ 23. Kd2 Qc3+ 1/2-1/2

[Event "BL2-Sued 9596"]
[Site "Germany"]
[Date "1996.??.??"]
[Round "?"]
[White "Kluss, Kai"]
[Black "Stoll, Ferdinand"]
[Result "0-1"]
[WhiteElo "2225"]
[BlackElo "2240"]
[PlyCount "94"]
[EventDate "1995.10.??"]
[EventType "team-tourn"]
[EventRounds "9"]
[EventCountry "GER"]
[SourceTitle "GER-chT2"]
[Source "ChessBase"]
[SourceDate "1999.07.01"]
[SourceVersion "1"]
[SourceVersionDate "1999.07.01"]
[SourceQuality "1"]
[WhiteTeam "Bad Mergentheim"]
[BlackTeam "Sindelfingen"]
[WhiteTeamCountry "GER"]
[BlackTeamCountry "GER"]

1. d4 f5 2. Qd3 d5 3. g3 Nf6 4. Bg2 e6 5. Nf3 Be7 6. 0-0 0-0 7. b3 a5 8. a4 c5 9. dxc5 Na6 10. Ba3 Nxc5 11. Qe3 Nfe4 12. Bb2 Bf6 13. Bd4 Qc7 14. Bxf6 Rxf6 15. Nc3 Bd7 16. Nb5 Bxb5 17. axb5 Rd8 18. c4 dxc4 19. bxc4 e5 20. Qa3 b6 21. Qb2 Re6 22. Rad1 Rxd1 23. Rxd1 Na4 24. Qc2 Nac3 25. Rd3 Nxb5 26. Qd1 Nbd6 27. h4 Qc5 28. e3 g6 29. Ng5 Nxg5 30. Bd5 e4 31. Bxe6+ Nxe6 32. Rxd6 Qxc4 33. Rxb6 Nf8 34. Qd4 Qxd4 35. exd4 Kf7 36. Kf1 Ne6 37. Rb7+ Kf6 38. d5 Nc5 39. Rxh7 Ke5 40. Rg7 Kxd5 41. Ke2 a4 42. Ra7 Kd4 43. Kd2 Kc4 44. Ra8 Kb3 45. Rb8+ Kc4 46. Rb6 a3 47. Kc2 a2 0-1